000 00517nam a2200169 a 4500
001 000008175
005 20200929154453.0
008 090915s1990 dr 001 0 spa d
040 _aDO-SdBNP
_bspa
_cBNPHU
082 _aRD863.44
_bH557p
100 1 _aHernández Canela, Johnny,
_d1956-
_922182
245 1 0 _aPrimeras aguas de mayo /
_cJohnny Hernández Canela.
260 _aSanto Domingo :
_bTaller,
_c1990.
300 _a133 p. ;
_c21 cm.
500 _aIncluye datos biográficos en la contracubierta
049 _aBNPD
999 _c7951
_d7951